|
|
|
|
| LEADER |
00000cas a2200000 a 4500 |
| 001 |
vtls010301174 |
| 003 |
SK-MaSNL |
| 005 |
20260228161523.0 |
| 008 |
110810d19461949xo sr|p 0 b0slo |
| 040 |
|
|
|a SNK
|b slo
|c SNK
|e AACR2
|
| 041 |
0 |
|
|a slo
|
| 044 |
|
|
|a xo
|c SK
|
| 072 |
|
7 |
|a 656
|x Doprava
|2 konspekt
|
| 080 |
|
|
|a 050
|2 2001
|
| 080 |
|
|
|a 656
|2 2001
|
| 245 |
0 |
0 |
|a Doprava
|b orgán Sväzu dopravných zamestnancov Slovenska
|
| 260 |
|
|
|a Bratislava
|b Sväz dopravných zamestnancov Slovenska
|c 1946-1949
|
| 300 |
|
|
|a 4 zv.
|c 35-46 cm
|
| 310 |
|
|
|a 2x mesačne
|
| 362 |
0 |
|
|a Roč. I, č. 1 (1. febr. 1946)-roč. IV, č. 14 (20. IX. 1949)
|
| 500 |
|
|
|a Zmena podnázvu od č. 7/1949: orgán Slovenského výboru Sväzu zamestnancov v doprave
|
| 500 |
|
|
|a Redaktori sa menia
|
| 500 |
|
|
|a Maj. a vyd.: od č. 14/1946-10/1949 ROH - Sväz dopravných zamestnancov Slovenska, Bratislava ; od č. 11/1949 Slovenská odborová rada v Bratislave
|
| 500 |
|
|
|a Tlač: Slov. Grafia v Bratislave
|
| 500 |
|
|
|a Časopis zlúčený s ústredným časopisom Spoj v Prahe
|
| 500 |
|
|
|a Od č. 9/1949 rozmer zv. 46 cm
|
| 650 |
0 |
7 |
|a doprava
|2 SNKPH
|9 1777
|
| 655 |
|
7 |
|a špecializované časopisy
|2 SNKPH
|9 70509
|
| 785 |
0 |
7 |
|t Spoj
|
| 910 |
|
|
|a snk
|
| 916 |
|
|
|a 1946-1949
|
| 958 |
|
|
|a OND
|
| 999 |
|
|
|c 5666
|d 7596
|
| 952 |
|
|
|0 0
|1 0
|4 0
|7 0
|a SNK
|b SNK
|d 1997-06-26
|f 1
|i snk680/51
|l 0
|o snkČSB 427/4/1949
|p 17A0074280
|r 2005-01-02 00:00:00
|t č. 1-14
|w 2026-02-21
|y PREZ
|
| 952 |
|
|
|0 0
|1 0
|4 0
|7 0
|a SNK
|b SNK
|d 1997-06-26
|i snk169/47
|l 0
|o snkČSB 427/1/1946 D1
|p 17A0074245
|r 2005-01-02 00:00:00
|t č. 1-17, neúplné
|w 2026-02-21
|y PREZ
|z chýba č. 10,11,12,13
|
| 952 |
|
|
|0 0
|1 0
|4 0
|7 0
|a SNK
|b SNK
|d 1997-06-26
|f 1
|i snk1060/48
|l 0
|o snkČSB 427/2/1947
|p 17A0074256
|r 2005-01-02 00:00:00
|t č. 1-20
|w 2026-02-21
|y PREZ
|
| 952 |
|
|
|0 0
|1 0
|4 0
|7 0
|8 5
|a SNK
|b SNK
|d 2014-03-14
|i snkXI. 3857/55
|l 0
|o snkČSB 427/4/1949 D1
|p 17A1024077
|r 2026-02-21 20:42:04
|t č. 1-14
|w 2026-02-21
|y PREZ
|
| 952 |
|
|
|0 0
|1 0
|4 0
|7 0
|8 5
|a SNK
|b SNK
|d 2014-03-14
|f 1
|i snkXI. 2132/55
|l 0
|o snkČSB 427/1/1946
|p 17A1024076
|r 2026-02-21 20:42:04
|t č. 1-17
|w 2026-02-21
|y PREZ
|
| 952 |
|
|
|0 0
|1 0
|4 0
|7 0
|8 5
|a SNK
|b SNK
|d 2014-03-14
|i snkXI. 3859/55
|l 0
|o snkČSB 427/2/1947 D1
|p 17A1024075
|r 2026-02-21 20:42:04
|t č. 1-20
|w 2026-02-21
|y PREZ
|
| 952 |
|
|
|0 0
|1 0
|4 0
|7 0
|8 5
|a SNK
|b SNK
|d 2014-03-14
|i snkXI. 3858/49
|l 0
|o snkČSB 427/3/1948 D1
|p 17A1024074
|r 2026-02-21 20:42:04
|t č. 1-20
|w 2026-02-21
|y PREZ
|
| 952 |
|
|
|0 0
|1 0
|4 0
|7 0
|a SNK
|b SNK
|d 1997-08-06
|f 1
|i snk977/50
|l 0
|o snkČSB 427/3/1948
|p 17A0087728
|r 2005-01-02 00:00:00
|t č. 1-20
|w 2026-02-21
|y PREZ
|z chybné zviazanie a číslovanie: roč. 4, č. 1-2(21-22) je zviazaný s roč. 3 aj s roč. 4
|